Loading...
| Science - Physics | 0 | 9 | 1 | 2 | 85 | 36 | 75.22 | 3 | 6 | 
| Philosophy | 0 | 8 | 0 | 0 | 80 | 63 | 90.13 | 2 | 6 | 
| Social Science | 0 | 8 | 1 | 1 | 75 | 42 | 75.75 | 3 | 6 | 
| Fine Arts - Classical Music | 0 | 7 | 2 | 1 | 60 | 49 | 79.43 | 2 | 6 | 
| Fine Arts - Other Fine Arts | 0 | 6 | 1 | 2 | 55 | 69 | 98.50 | 2 | 5 | 
| Science - Other Science | 0 | 6 | 1 | 1 | 55 | 45 | 79.50 | 1 | 3 | 
| History - World History | 0 | 6 | 1 | 0 | 55 | 60 | 72.67 | 1 | 4 | 
| Religion | 0 | 6 | 2 | 1 | 50 | 36 | 87.83 | 1 | 3 | 
| Fine Arts - Visual Fine Arts | 0 | 5 | 1 | 0 | 45 | 92 | 102.00 | 0 | 2 | 
| History - Other History | 0 | 4 | 1 | 0 | 35 | 35 | 60.25 | 2 | 2 | 
| Literature - British Literature | 0 | 3 | 0 | 0 | 30 | 75 | 86.67 | 1 | 3 | 
| Science - Chemistry | 0 | 3 | 0 | 0 | 30 | 75 | 100.00 | 0 | 1 | 
| Literature - American Literature | 0 | 3 | 0 | 1 | 30 | 102 | 118.67 | 0 | 0 | 
| Science - Biology | 0 | 4 | 2 | 0 | 30 | 57 | 71.75 | 0 | 1 | 
| History - European History | 0 | 3 | 1 | 1 | 25 | 59 | 88.67 | 0 | 2 | 
| Mythology | 0 | 3 | 2 | 0 | 20 | 60 | 86.67 | 0 | 0 | 
| Literature - European Literature | 0 | 2 | 0 | 0 | 20 | 30 | 78.00 | 1 | 2 | 
| History - American History | 0 | 3 | 2 | 0 | 20 | 22 | 55.33 | 2 | 3 | 
| Geography/Current Events | 0 | 1 | 2 | 1 | 0 | 110 | 110.00 | 0 | 0 | 
| Literature - World/Other Literature | 0 | 0 | 1 | 0 | -5 | 0.00 | 0 | 0 |